Central Library OPAC University of Rajshahi

বাবুবৃত্তান্ত ও প্রাসঙ্গিক / (Record no. 39570)

MARC details
000 -LEADER
fixed length control field 00979nam a2200253 a 4500
001 - CONTROL NUMBER
control field 39570
003 - CONTROL NUMBER IDENTIFIER
rucl marc code BD-RjUL
005 - DATE AND TIME OF LATEST TRANSACTION
control field 20211209053022.0
008 - FIXED-LENGTH DATA ELEMENTS--GENERAL INFORMATION
fixed length control field 160412m19911981bg a|||| |||| 000 0 ben d
020 ## - INTERNATIONAL STANDARD BOOK NUMBER
International Standard Book Number 8129503069
Terms of availability : IRs. 250.00
035 ## - SYSTEM CONTROL NUMBER
System control number (BD-RjUL)39683
040 ## - CATALOGING SOURCE
Original cataloging agency BD-RjUL
Language of cataloging ben
Transcribing agency BD-RjUL
Modifying agency BD-RjUL
041 ## - LANGUAGE CODE
Language code of text/sound track or separate title ben
082 ## - DEWEY DECIMAL CLASSIFICATION NUMBER
Edition number 23
Classification number 891.444
Author mark and year SEB 1991
100 ## - MAIN ENTRY--PERSONAL NAME
Personal name সেন, সমর
9 (RLIN) 121882
245 10 - TITLE STATEMENT
Title বাবুবৃত্তান্ত ও প্রাসঙ্গিক /
Statement of responsibility, etc. সমর সেন; সম্পাদনা: পুলক চন্দ
250 ## - EDITION STATEMENT
Edition statement ৩য় সংস্করণ
260 ## - PUBLICATION, DISTRIBUTION, ETC. (IMPRINT)
Place of publication, distribution, etc. কলকাতা :
Name of publisher, distributor, etc. দে'জ পাবলিশিং,
Date of publication, distribution, etc. ১৯৯১.
300 ## - PHYSICAL DESCRIPTION
Pagination ৩৯৮ পৃ. :
Illustrations চিত্র ;
Size ২২ সেমি.
650 ## - SUBJECT ADDED ENTRY--TOPICAL TERM
Topical term or geographic name as entry element বাংলা প্রবন্ধ
9 (RLIN) 121883
Topical term or geographic name as entry element Bengali Essays
9 (RLIN) 121884
700 ## - ADDED ENTRY--PERSONAL NAME
Personal name চন্দ, পুলক, সম্পাদক
942 ## - ADDED ENTRY ELEMENTS (KOHA)
Source of classification or shelving scheme Dewey Decimal Classification
Koha item type Books
Holdings
Lost status Source of classification or shelving scheme Damaged status Not for loan Collection code Permanent Location Current Location Shelving location Date acquired Source of acquisition Cost, normal purchase price Total Checkouts Full call number Date last seen Copy number Koha item type Date checked out
  Dewey Decimal Classification   Not For Loan Non-fiction Central Library, University of Rajshahi Central Library, University of Rajshahi Reading Room 05/07/2015 Batighor, Chittagong. 550.00   B 891.444 SEB 1991 12/04/2016 C-1 Books  
  Dewey Decimal Classification     Non-fiction Central Library, University of Rajshahi Central Library, University of Rajshahi   05/07/2015 Batighor, Chittagong. 550.00 2 B 891.444 SEB 1991 23/12/2024 C-2 Books 12/12/2024
  Dewey Decimal Classification     Non-fiction Central Library, University of Rajshahi Central Library, University of Rajshahi   05/07/2015 Batighor, Chittagong. 550.00   B 891.444 SEB 1991 12/04/2016 C-3 Books